000 01204nam a2200325 i 4500
003 DO-SdBNP
005 20260218100450.0
007 ta
008 260218b2025 dr ||||| |||| 00| 0 spa d
020 _a9789945951912
040 _aDO-SdBNP
_bspa
_cBNPHU
_erda
041 _aspa
082 4 _axxx
_bxxx
_222
100 _aSantos, Altagracia de los,
_eautor
_4aut.
_989046
245 1 0 _aUn divorcio por malos frutos /
_cAltagracia de los Santos ; revisión y colaboración, Alexis Angulo, Yesenia Avila ; corrección, Yaki Smith ; prólogo, Ángel Rivera Gómez
250 _aprimera edición
264 4 _aSanto Domingo :
_bPublicaciones GenTv,
_c©2025.
300 _a149 páginas ;
_c22 cm.
336 _atexto
_btxt
_2rdacontent
337 _asin mediación
_bn
_2rdamedia
338 _avolumen
_bnc
_2rdacarrier
500 _aIncluye datos biográficos del autor en la contracubierta
590 _aInventariado, 2026/BT
700 1 _aAngulo, Alexis,
_ecolaborador
_4col.
_978155
700 1 _4col.
_aAvila, Yesenia,
_ecolaborador
_989042
700 1 _aSmith, Yaki,
_ecorrector
_4corr.
_989047
700 1 _aRivera Gómez, Ángel,
_eprologuista
_4pr.
_989048
910 _aBtavárez
942 _2ddc
_cLBS1
999 _c60357
_d60357